Najväčšie úspechy školy za posledné tri roky

Bibliographic Details
Format: Article
Language:Slovak
PhysicalDescription:Fotogr.
ISSN:1335-7581
Subjects:

MARC

LEADER 00000nab a2200000 a 4500
001 vtls008941281
003 SK-MaSNL
005 20260303070825.0
008 070131c20070130xo mr| 0 0slo
038 |a RVGKPD 
040 |a RVGKPD  |b slo  |c RVGKPD  |e AACR2 
041 |a slo 
044 |a xo  |c SK 
080 |a 373.544  |2 1997 
245 0 0 |a Najväčšie úspechy školy za posledné tri roky 
300 |b Fotogr. 
610 2 7 |a Obchodná akadémia (Rožňava, Slovensko)  |2 rvgkpd  |9 1023903 
651 7 |a Rožňava (Slovensko)  |2 rvgkpd  |9 17394 
773 0 |t Korzár : Gemerský denník  |g Roč. IX, č. 24 (30.1.2007), s. 22  |x 1335-7581 
852 |a RVGKPD  |b KIS3G 
992 |a RBX 
999 |c 1757085  |d 1759015